| 000 | 00657nam a22002057a 4500 | ||
|---|---|---|---|
| 005 | 20100811155455.0 | ||
| 010 | _aENG-99685 | ||
| 020 |
_a9788190273589 _c400.00 |
||
| 035 | _aEN-83217 | ||
| 037 | _bDBAD/PUB | ||
| 082 | _aS | ||
| 100 |
_aKhatri, Vikas _911275 |
||
| 245 |
_aWorld famous supernatural stories / _cby Vikas Khatri |
||
| 260 |
_aDelhi _bMahak Sahitya Sansar _c2010 |
||
| 270 |
_aN-67, Street No.4, Naveen Shahadara _bDelhi _e110032 |
||
| 300 |
_a200p. _c22cm (Hb) |
||
| 650 |
_aStories _9938 |
||
| 942 |
_2ddc _cEN _hS _mKHA |
||
| 999 |
_c41139 _d41139 |
||